000 00716nam a2200205 i 4500
001 117986
003 ES-MaACL
005 20230906191016.0
007 t|
008 070214s1917 sp r ||||1| spa d
100 1 _aPereyra, Carlos,
_d1871-1942
_990541
245 1 3 _aLa disolución de Rusia
_b: la dictadura de Kerensky : crónicas de la anarquía gubernamental y del pacifismo revolucionario /
_cCarlos Pereyra, Andrés Révész.
260 _aMadrid :
_bJuan Pueyo,
_c1917.
300 _a216 p. ;
_c19 cm.
651 4 _aRusia-
_xHistoria-
_y1917-1921, Revolución.
_99336
700 0 _aRévész, Andrés.
_996422
852 _aES-MaACL
_jF-5585
852 _aES-MaACL
_jF-10542
999 _c117986
_d117986